书目信息 |
| 题名: |
列宁全集 第四十二卷
|
|
| 作者: | 中共中央马克思 , 恩格斯 , 列宁 , 斯大林著作编译局 编译 | |
| 分册: | ||
| 出版信息: | 北京 商务印书馆 1987.10 |
|
| 页数: | 745页 | |
| 开本: | 32开 | |
| 丛书名: | ||
| 单 册: | ||
| 中图分类: | A2 | |
| 科图分类: | ||
| 主题词: | 列宁著作 | |
| 电子资源: | ||
| ISBN: | 7-100-11336-9 | |
| 000 | 00766nam0 2200229 45 | |
| 001 | 0009081943 | |
| 005 | 20000908192503.5 | |
| 010 | @a7-100-11336-9@d20.00元 | |
| 100 | @a20000908d1987 km y0chiy0120 ea | |
| 101 | 0 | @achi |
| 105 | @a z 000yy | |
| 200 | 1 | @a列宁全集 第四十二卷@ALie Ning Quan Ji Di Si Shi Er Juan@f中共中央马克思,恩格斯,列宁,斯大林著作编译局编译@FZhong Gong Zhong Yang Ma Ke Si,En Ge Si,Lie Ning,Si Da Lin Zhu Zuo Bian Yi Ju Bian Yi |
| 210 | @a北京@c商务印书馆@d1987.10 | |
| 215 | @a745页@d32开 | |
| 606 | 0 | @a列宁著作 |
| 690 | @aA2@v3 | |
| 701 | 0 | @a中共中央马克思@4编译 |
| 701 | 0 | @a恩格斯@4编译 |
| 701 | 0 | @a列宁@4编译 |
| 701 | 0 | @a斯大林著作编译局@4编译 |
| 801 | @aCN@bPftUser@c20000908 | |
| 905 | @b129308-309@dA2@eL.533:42@f2 | |
| 列宁全集 第四十二卷/中共中央马克思,恩格斯,列宁,斯大林著作编译局编译.-北京:商务印书馆,1987.10 |
| 745页;32开 |
| ISBN 7-100-11336-9:20.00元 |
| ● |
| 相关链接 |
|
|
|
正题名:列宁全集第四十二卷
索取号:A2/L.533:42
 
预约/预借
| 序号 | 登录号 | 条形码 | 馆藏地/架位号 | 状态 | 备注 |
| 1 | 129308 | 201293082 | 社科库509/509社科库 1排3列2层/ [索取号:A2/L.533:42] | 在馆 | |
| 2 | 129309 | 201293091 | 社科库509/509社科库 1排3列2层/ [索取号:A2/L.533:42] | 在馆 |